INTELLECTUAL PROPERTY RIGHTS AND DRUG REGULATORY AFFAIRS (Record no. 5932)

MARC details
000 -LEADER
fixed length control field 00426nam a22001577a 4500
005 - DATE AND TIME OF LATEST TRANSACTION
control field 20240109154711.0
008 - FIXED-LENGTH DATA ELEMENTS--GENERAL INFORMATION
fixed length control field 190604b xxu||||| |||| 00| 0 eng d
020 ## - INTERNATIONAL STANDARD BOOK NUMBER
ISBN 978-93-5164-975-1
041 ## - LANGUAGE CODE
Language code of text/sound track or separate title eng
100 ## - MAIN ENTRY--AUTHOR NAME
Personal name TIWARI, GAURAV. AND TIWARI, RUCHI
245 ## - TITLE STATEMENT
Title INTELLECTUAL PROPERTY RIGHTS AND DRUG REGULATORY AFFAIRS
250 ## - EDITION STATEMENT
Edition statement 2nd, Ed. 2018
260 ## - PUBLICATION, DISTRIBUTION, ETC. (IMPRINT)
Place of publication PUNE
Name of publisher NIRALI PRAKASHAN
300 ## - PHYSICAL DESCRIPTION
Number of Pages P.1
942 ## - ADDED ENTRY ELEMENTS (KOHA)
Koha item type Books
Holdings
Lost status Damaged status Collection code Home library Current library Shelving location Date acquired Source of acquisition Cost, normal purchase price Accession Number Koha item type
    PHARMACY JRU Library JRU Library SHELF-19-B 04/06/2019 PURCHESS 550.00 22960 Books
    PHARMACY JRU Library JRU Library SHELF-19-B 04/06/2019 PURCHESS 550.00 22961 Books
    Reference JRU Library JRU Library SHELF-3-A 04/06/2019 PURCHESS 550.00 22962 Books